Инновационный процесс в странах развитого капитализма: (Методы, формы, механизм)

Bibliographic Details
Other Authors: Рудакова И. Е. (редактор)
Language:Russian
Published: Москва, Изд-во МГУ, 1991
Subjects:
Format: Book
KOHA link:https://koha.lib.tpu.ru/cgi-bin/koha/opac-detail.pl?biblionumber=17506

MARC

LEADER 00000nam0a2200000 4500
001 17506
005 20231030190926.0
010 |a 5211015096 
035 |a (RuTPU)RU\TPU\book\17650 
035 |a BOOK00002338 
090 |a 17506 
100 |a 20011209d1991 k y0 y50 ca 
101 0 |a rus 
102 |a RU 
105 |a a z 000zy 
200 1 |a Инновационный процесс в странах развитого капитализма: (Методы, формы, механизм)  |f Под ред. И. Е. Рудаковой 
210 |a Москва  |c Изд-во МГУ  |d 1991 
215 |a 143 с.  |c ил. 
610 1 |a экономика 
610 1 |a капиталистические страны 
610 1 |a капитальные вложения 
610 1 |a научно-исследовательская работа 
610 1 |a технический прогресс 
610 1 |a инновации 
686 |a У80  |v LBC/SL-A  |2 rubbk 
702 1 |a Рудакова  |b И. Е.  |4 340 
801 0 |a RU  |b 63413507  |c 20011209  |g PSBO 
801 2 |a RU  |b 63413507  |c 20220526  |g PSBO 
942 |c BK